005940000a2200169000450024501070000050000230010765000230013065000180015365000200017165000300019165100480022165300330026904100130030270000300031510000230034577300560036810aRediscovery and status of the Brown-bander antpitta Grallaria milleri in the Central Andes of Colombia a14aAves neotropicales14aOrnitología14aUso del habitat14aEcología de poblaciones 4lParque Nacional Natural UcumarípColombia gGrallariaeGrallaria milleri0 aInglés1 aBeltrán, José William1 aKattan, Gustavo H.1 tBird Conservation International3126q367-371d1997